000 00501nam a2200181Ia 4500
999 _c32576
_d32576
003 OSt
005 20200804125646.0
008 190216s9999||||xx |||||||||||||| ||und||
020 _a9788126523191
040 _coclc
082 _a519.3
_bBAR/G
100 _aBarron, E N
_93950
245 0 _aGame Theory An Introduction /
_cE N Barron
260 _bWiley India,
_c2014.
_aNew Delhi:
300 _a415p
650 _aGame Theory
942 _cBK
_2ddc
_h519.3
_iBAR/G
_k519.3
_mBAR/G